Qualitative research design : an interactive approach

Bibliographic Details
Main Author: Maxwell, Joseph Alex
Format: Book
Published: Thousand Oaks, Calif : SAGE Publications , c1996
Subjects:

MARC

LEADER 00000cam a2200000 7i4500
001 0000009847
005 20200819.0
020 |a 0803973292 
040 |a INS 
090 0 0 |a Q180.55   |b M4 M39 1996 
100 1 |a Maxwell, Joseph Alex 
245 1 0 |a Qualitative research design :   |b an interactive approach   |c Joseph A. Maxwell 
260 |a Thousand Oaks, Calif :   |b SAGE Publications ,   |c c1996 
300 |a 153p. ;   |c 23cm. 
650 0 0 |a Research   |x Methodology 
999 |a 0000008962   |b BOOK   |c Open Shelf   |e Default branch